The noble scholar, jurist, historian


 His Excellency Dr. Abdul Wahhab bin Ibrahim Abu Sulaiman, may Allah have mercy on him.


 He was born in Umm Al-Qura in the year 1356 AH.

حمام الحمي الحجازي / (Record no. 2476)

MARC details
000 -LEADER
fixed length control field 01086cam a2200253 i 4500
003 - CONTROL NUMBER IDENTIFIER
control field SA-RiAUC
005 - DATE AND TIME OF LATEST TRANSACTION
control field 20241118142818.0
008 - FIXED-LENGTH DATA ELEMENTS--GENERAL INFORMATION
fixed length control field 241017s1991 su g 000 0 ara c
040 ## - CATALOGING SOURCE
Original cataloging agency SA-RiAUC
Language of cataloging ara
Transcribing agency SA-RiAUC
Description conventions rda
082 04 - DEWEY DECIMAL CLASSIFICATION NUMBER
Classification number 636.596
090 ## - LOCALLY ASSIGNED LC-TYPE CALL NUMBER (OCLC); LOCAL CALL NUMBER (RLIN)
Classification number (OCLC) (R) ; Classification number, CALL (RLIN) (NR) 636.596
Local cutter number (OCLC) ; Book number/undivided call number, CALL (RLIN) خ ي ا
100 1# - MAIN ENTRY--PERSONAL NAME
Personal name الخياري، أحمد ياسين بن أحمد،
Dates associated with a name 1321-1380 هجري
Relator term مؤلف.
245 10 - TITLE STATEMENT
Title حمام الحمي الحجازي /
Statement of responsibility, etc. بقلم أحمد ياسين أحمد الخياري ؛ تعليق وإيضاح وتخريج عبيد الله محمد أمين كردي.
250 ## - EDITION STATEMENT
Edition statement الطبعة الأولى.
264 #1 - PRODUCTION, PUBLICATION, DISTRIBUTION, MANUFACTURE, AND COPYRIGHT NOTICE
Place of production, publication, distribution, manufacture جدة، السعودية :
Name of producer, publisher, distributor, manufacturer دار العلم للطباعة والنشر،
Date of production, publication, distribution, manufacture, or copyright notice 1991
300 ## - PHYSICAL DESCRIPTION
Extent 28 صفحة ؛
Dimensions 24 سم
336 ## - CONTENT TYPE
Content type term نص
Content type code txt
Source rdacontent
Materials specified كتاب
337 ## - MEDIA TYPE
Media type term بدون وسيط
Media type code n
Source rdamedia
338 ## - CARRIER TYPE
Carrier type term مجلد
Carrier type code nc
Source rdacarrier
650 #7 - SUBJECT ADDED ENTRY--TOPICAL TERM
Topical term or geographic name entry element الطيور
Source of heading or term aucsh
700 1# - ADDED ENTRY--PERSONAL NAME
Personal name كردي، عبيد الله بن محمد أمين،
Dates associated with a name 1360 هجري-
Relator term معلق.
942 ## - ADDED ENTRY ELEMENTS (KOHA)
Source of classification or shelving scheme Dewey Decimal Classification
Koha item type Books
Suppress in OPAC No
949 ## - LOCAL PROCESSING INFORMATION (OCLC)
a SA-JeALM
d 241017
u mohamedma123
n 1
Holdings
Withdrawn status Lost status Source of classification or shelving scheme Damaged status Not for loan Home library Current library Date acquired Total checkouts Full call number Barcode Date last seen Price effective from Koha item type
    Dewey Decimal Classification     DR AbdElwahab Library DR AbdElwahab Library 11/18/2024   636.596 خ ي ا 000003960 11/18/2024 11/18/2024 Books
    Dewey Decimal Classification     DR AbdElwahab Library DR AbdElwahab Library 09/09/2025   636.596 خ ي ا 000018687 09/09/2025 09/09/2025 Books